000 00449nam a2200169Ia 4500
008 260429s9999 xx 000 0 und d
020 _a0-471-46212-8
082 _a658.404 CLE
100 _aCleland, David I.
245 0 _aField Guide to Project Report Management
250 _a2nd ed.
260 _aAmerica:
_bJohn Wiley & Sons. INC.
_c2004
300 _a635p.
600 _aProject Management
650 _aManagement Science
942 _cBBD
999 _c33639
_d33639